Psicologia della schizofrenia / (Record no. 177996)

MARC details
000 -LEADER
campo de control de longitud fija 00762nam a22002415i 4500
001 - NÚMERO DE CONTROL
campo de control 177996
003 - IDENTIFICADOR DE NÚMERO DE CONTROL
campo de control ES-MaACL
005 - FECHA Y HORA DE LA ÚLTIMA TRANSACCIÓN
campo de control 20250926063101.0
008 - DATOS DE LONGITUD FIJA--INFORMACIÓN GENERAL
campo de control de longitud fija 110512s1970 it |||| | ita d
080 ## - NÚMERO DE LA CLASIFICACIÓN DECIMAL UNIVERSAL
Número de la Clasificación Decimal Universal 616.895.8
100 1# - ENTRADA PRINCIPAL--NOMBRE DE PERSONA
Nombre de persona Jung, Carl G.,
Fechas asociadas al nombre 1875-1961
9 (RLIN) 67282
245 10 - MENCIÓN DEL TÍTULO
Título Psicologia della schizofrenia /
Mención de responsabilidad, etc. Carl Gustav Jung ; introduzione di Gianfranco Tedeschi.
250 ## - MENCION DE EDICION
Mención de edición 1ª ed.
260 ## - PUBLICACIÓN, DISTRIBUCIÓN, ETC.
Lugar de publicación, distribución, etc. Roma :
Nombre del editor, distribuidor, etc. Newton Compton,
Fecha de publicación, distribución, etc. 1970.
300 ## - DESCRIPCIÓN FÍSICA
Extensión 217 p. ;
Dimensiones 20 cm.
490 1# - MENCIÓN DE SERIE
Mención de serie Paperbacks saggi ;
Designación de volumen o secuencia 27
546 ## - NOTA DE IDIOMA
Nota de lengua/lenguaje Texto en italiano.
650 04 - PUNTO DE ACCESO ADICIONAL DE MATERIA--TÉRMINO DE MATERIA
Término de materia o nombre geográfico como elemento de entrada Esquizofrenia.
9 (RLIN) 12510
700 1# - ENTRADA AGREGADA--NOMBRE PERSONAL
Nombre de persona Tedeschi, Gianfranco.
9 (RLIN) 146481
830 0# - PUNTO DE ACCESO ADICIONAL DE SERIE-TÍTULO UNIFORME
Título uniforme Paperbacks saggi ;
Designación de volumen o secuencia 27
9 (RLIN) 190662
852 ## - LOCALIZACIÓN
Ubicación ES-MaACL
Número de control de estantería E-15064
Encuadernación Olim P-1848
Holdings
Estatus retirado Estado de pérdida Estado de daño No para préstamo Biblioteca de origen Biblioteca actual Ubicación en estantería Fecha de adquisición Fuente de adquisición Total de préstamos Signatura topográfica completa Código de barras Visto por última vez Precio de reemplazo Tipo de ítem Koha
        Biblioteca del Ateneo de Madrid Biblioteca del Ateneo de Madrid Depósito 2 12/05/2011     E-15064 1186988 23/02/2023 23/02/2023 Libro impreso